<The> Oil Market - the Important Phenomena of the Globalisation of the World Economy?

Uložené v:
Podrobná bibliografia
Hlavný autor: Baláž, Peter
Ďalší autori: Londarev, Andrej
Médium: Kapitola
Jazyk:English
Predmet:
Tagy: Pridať tag
Žiadne tagy, Buďte prvý, kto otaguje tento záznam!

MARC

LEADER 00000naa$a2200000$$$4500
001 0039362
005 20240502071503.3
041 0 |a eng 
044 |a SK 
245 1 0 |a <The> Oil Market - the Important Phenomena of the Globalisation of the World Economy?  |c Peter Baláž, Andrej Londarev 
610 2 0 |a nafta 
610 2 0 |a trh 
610 2 0 |a globalizácia hospodárstva 
610 2 0 |a hospodárstvo svetové 
610 2 0 |a konkurencia 
610 2 0 |a spotreba energie 
610 2 0 |a zdroje energie prírodné 
610 2 0 |a produkcia 
610 2 0 |a ceny 
610 2 0 |a politika priemyselná 
100 1 |a Baláž, Peter 
700 1 |a Londarev, Andrej